000 01009cam a22002054a 4500
005 20250605164232.0
008 250528s ||||||||||||||||||||||||d
035 _a21001
020 _a9780230250185
040 _aGR-AtMCL
_bgre
_dGR-AtMCL
_eAACR2
245 1 _aSkills for Success / The Personal Development Planning Handbook
250 _a2nd
260 _bPalgrave Macmillan,
_c2010
300 _a330
520 _aThis book has been updated throughout to develop its personalized approach to learning and performance. Acknowledgements, Introduction, The Vision: What is Success?, Start with Yourself, Understanding Your Personal Performance, Successful Self-Management, Successful Problem-Solving and Task Management, People Skills, Thinking Outside the Box, The Art of Reflection, Personal Records: Recording Reflection and Achievement, Successful Job Applications, Drawing it Together, References, Index.
700 1 _aCottrell Stella
_97020
942 _cBK
999 _c6078
_d6078